| Поле | Инд. | ПП | Название | Значение |
|---|---|---|---|---|
| Тип записи | a | |||
| Библиографический уровень | b | |||
| 001 | Контрольный номер | UNIDUBNAdc792ada2a6f472695e9d25584d58b84 | ||
| 005 | Дата корректировки | 20260528202458.9 | ||
| 084 | a | Индекс другой классификации/Индекс ББК | 63.3(2)521.1-686л611г | |
| 100 | 1_ | a | Автор | Горбунов А. |
| q | Полное имя | Горбунов Александр | ||
| 245 | 10 | a | Заглавие | Бородино: "Этот музей лучше учебника истории..." |
| 520 | 0_ | a | Аннотация | История старейшего в мире музея-заповедника на поле битвы, которая началась спустя 25 лет после Бородинского сражения и продолжается до наших дней |
| 600 | 14 | a | Персоналии | Николай I (рос. император) |
| 650 | 04 | a | Основная рубрика | история |
| 653 | 0_ | a | Ключевые слова | XIX век |
| a | Ключевые слова | XX век | ||
| a | Ключевые слова | XXI век | ||
| a | Ключевые слова | Бородино | ||
| a | Ключевые слова | Бородинский военно-исторический музей-заповедник | ||
| a | Ключевые слова | Бородинское поле | ||
| a | Ключевые слова | музеи | ||
| a | Ключевые слова | Россия | ||
| 773 | 18 | t | Заглавие источника | Родина |
| d | Дата издания источника | 2005 | ||
| g | Прочая информация | № 2. - С. 5-7 : фот. | ||
| w | Контрольный № источника | RU/IS/BASE/163349940 | ||
| 901 | t | Тип документа | b |